02314nam a2200277 a 4500001001000000005001700010008004100027041000800068044000700076084002100083100004500104245006800149260003100217300003000248500019000278500020700468500102900675500001001704546002501714650005201739650005601791650003401847650004501881700006001926740005001986BRCA_310220190320204119.0280109s1844----fr-a---###---#000-0#fre-u afre afr a407b.L448c18441 aCervantes Saavedra, Miguel ded1547-161610aHistoire de Don Quichote de la Manchecpar Michel de Cervantes. aParísbP.C. Lehubyc1844 aviii, 488 p.bil.c20 cm. aContenido : Primera parte. Advertencia del editor. Noticia historica y literaria sobre Cervantes. Texto. Segunda parte. Texto. Tercera parte (continuación por Filleau de Saint-Martin) aEdición : Nouvelle edition revue et corrigée par L´Abbé Lejeune, chanoine, prof. a la Fac. de Théologie de Rouen. Illustrée de 20 grands dessins. Par Célestib Nanteuil, Bouchot et Demoraine aEsta edición abreviada por el téologo Lejeune es en realidad un compendio de la de Filleau de Saint-Martin, dividido en tres parte, correspondiendo la última a la continuación de aquel traductor, apodado también labbé: El texto está tan abreviado que los 126 capítulos que comprende el original, han quedado reducidos a 30, y los 61 de la continuación, a una tercera parte. Escribe Lejeune que en su versión han suprimido ciertos pasajes nada propios para la juventud (desde el punto de vista de la moral eclesiástica, se entiende). Algunos de los más importantes pasajes suprimidos son por ejemplo: La defensa del criado Andrés vapuleado por su amo, la liberación de los galeotes y el célebre discurso sobre la Edad de oro, así como la penitencia de Don Quijote en Sierra Morena. Las ilustraciones, aunque técnicamente buenas, no satisfacen, pues sus dibujantes demuestran poco conocimiento del texto cervantino. Tela; cubiertas ricamente ilustradas con motivos quijotiles Lúdovik Osterc aQM333 aTexto en : francés14aNovela españolayÉpoca clásica, 1500-170014aLiteratura españolayÉpoca clásica, 1500-170014aNovela españolaySiglo XVII14aDon Quijote (Personaje ficticio)eNovela1 aSaint-Martin, Francois Filleau ded1632-1695eTraductor0 aEl Ingenioso Hidalgo Don Quijote de la Mancha